| 000 | 02454nam a2200397 a 4500 | ||
|---|---|---|---|
| 001 | 59658 | ||
| 003 | BD-RjUL | ||
| 005 | 20211209080745.0 | ||
| 008 | 161226s2007 enk 001 0 eng | ||
| 020 | _a9781845680701 (hardback : alk. paper) | ||
| 020 | _a1845680707 (hbk.) | ||
| 020 | _a9781859418154 (pbk. : alk. paper) | ||
| 020 | _a1859418155 (pbk.) | ||
| 035 | _a(BD-RjUL)59782 | ||
| 035 | _a(UkLCURL)982007005432 | ||
| 040 |
_aDLC _cDLC _dDLC _beng |
||
| 041 | _aeng | ||
| 082 | 0 | 0 |
_a340.1 _223 _bVEJ 2007 |
| 100 |
_aVeitch, Scott _9177515 |
||
| 245 | 1 | 0 |
_aJurisprudence : _bthemes and concepts / _cScott Veitch, Emilios Christodoulidis and Lindsay Farmer ; with contribs. from: Gavin Anderson ... [et al.]. |
| 260 |
_aLondon : _bRoutledge-Cavendish, _c2007. |
||
| 300 |
_axviii, 278 p. ; _c24 cm. |
||
| 500 | _aIncludes bibliographical references (p. [263]-272) and index. | ||
| 500 | _aIncludes tutorials at end of each part. | ||
| 505 | 0 | _aIntroduction to the relationship between law and politics -- Sovereignty -- The rule of law -- The "inner morality of law" -- Rights -- Legalism and legality -- Citizenship : competing conceptions -- Law, politics, and globalisation -- Problems of the rule of law in political transitions -- The rule of law and the state of emergency -- Introduction to legal reasoning -- Legal formalism, legal realism, and the open texture of law -- Theories of legal reasoning -- Justice, natural law, and the limits of rule following -- Equality, difference, and domination : feminist critiques of adjudication -- Trials, facts, and narratives -- Understanding discrimination -- Judging in an unjust society -- Law in modern society and legal modernity -- Formal legal rationality and legal modernity -- Dilemmas of modern law -- After modernity? Law and globalisation -- Legal pluralism -- Juridification -- Law, ideology and legitimation : the Marxist critique -- Displacing the juridical : Foucault on power and discipline -- Law in the risk society. | |
| 650 | 0 |
_aJurisprudence. _9173978 |
|
| 650 | 0 |
_aLaw _xPhilosophy. _9173977 |
|
| 650 | 0 |
_aLaw _xPolitical aspects. _9177516 |
|
| 650 | 0 |
_aRule of law. _9177517 |
|
| 700 | 1 |
_aChristodoulidis, Emilios A. _9177518 |
|
| 700 | 1 |
_aFarmer, Lindsay, _d1963- _9177519 |
|
| 700 | 1 |
_aAnderson, Gavin. _9177520 |
|
| 856 | 4 | 1 |
_3Table of contents only _uhttp://www.loc.gov/catdir/toc/ecip0710/2007005432.html |
| 942 |
_2ddc _cBK |
||
| 999 |
_c59658 _d59658 |
||